Trenerzy Wicemistrzów Anglii w XXI wieku - Statystyki

Ogólne statystyki
  • Ten quiz został rozwiązany 47 razy
  • Średni wynik to 19 z 24
Statystyki odpowiedzi
Sezon Klub Odpowiedź % Poprawnych
2021/22 Liverpool Jurgen Klopp
98%
2018/19 Liverpool Jurgen Klopp
98%
2023/24 Arsenal Mikel Arteta
98%
2022/23 Arsenal Mikel Arteta
98%
2019/20 Manchester City Pep Guardiola
98%
2011/12 Manchester United Alex Ferguson
94%
2009/10 Manchester United Alex Ferguson
94%
2005/06 Manchester United Alex Ferguson
94%
2015/16 Arsenal Arsene Wenger
91%
2004/05 Arsenal Arsene Wenger
91%
2002/03 Arsenal Arsene Wenger
91%
2000/01 Arsenal Arsene Wenger
91%
2017/18 Manchester United Jose Mourinho
89%
2006/07 Chelsea Jose Mourinho
89%
2016/17 Tottenham Mauricio Pochettino
85%
2014/15 Manchester City Manuel Pellegrini
79%
2020/21 Manchester United Ole Gunnar Solskjaer
77%
2008/09 Liverpool Rafa Benitez
72%
2012/13 Manchester City Roberto Mancini
70%
2013/14 Liverpool Brendan Rodgers
62%
2010/11 Chelsea Carlo Ancelotti
55%
2007/08 Chelsea Avram Grant
34%
2001/02 Liverpool Gerard Houllier
32%
2003/04 Chelsea Claudio Ranieri
23%
Nie znaleziono quizów pasujących do podanych kryteriów
Rozkład punktacji
Procent ludzi z każdym wynikiem
Percentyl według liczby udzielonych odpowiedzi
Twoja historia wyników
Nie rozwiązałeś tego quizu